|
|
|
|
| LEADER |
00000cam a2200000 i 4500 |
| 001 |
1/28437 |
| 008 |
060426s1971 gr | ||| |||| ||gre| |
| 035 |
|
|
|l 10083653
|
| 040 |
|
|
|a GR-MyUa
|b gre
|e AACR2
|
| 041 |
1 |
|
|a gre
|h ger
|
| 082 |
7 |
|
|a 832.912
|2 (22)
|
| 100 |
1 |
|
|a Brecht, Bertolt,
|d 1898-1956.
|
| 245 |
1 |
3 |
|a Οι μέρες της κουμούνας /
|c Μπέρτολτ Μπρέχτ ; μετάφραση από τα γερμανικά: Κ. Παλαιολόγου.
|
| 260 |
|
|
|a Αθήνα :
|b Πλανήτης,
|c [1971]
|
| 300 |
|
|
|a 101 σ. ;
|c 21 εκ.
|
| 500 |
|
|
|a Με: Η μάνα η ζωή της επαναστάτισας Πελαγίας Βλάσοβα απ'το Τβέρ / Brecht Bertolt. - Ο άντρας είναι άντρας / Brecht Bertolt . - Τρόμος και αθλιότητα του τρίτου ράϊχ / Brecht Bertolt . - Ο καλός άνθρωπος του Σετσουάν /Brecht Bertolt.
|
| 500 |
|
|
|a Τίτλος πρωτοτύπου: De Tage der Kommune.
|
| 650 |
|
0 |
|a German drama
|y 20th century.
|
| 700 |
1 |
|
|a Παλαιολόγος, Κωνσταντίνος,
|e trl
|
| 852 |
|
|
|a INST
|b RHODES
|c KRI
|e 20060426
|h 832.912 BRE
|p 005400020934
|q 005400020934
|t BK
|y 0
|
| 901 |
|
|
|a BIBL4-2006-1
|
| 970 |
|
|
|a Σιδερή
|b Νεκταρία
|z 2006/04/26
|